<?xml version="1.0" encoding="UTF-8"?>
<record
    xmlns:xsi="http://www.w3.org/2001/XMLSchema-instance"
    xsi:schemaLocation="http://www.loc.gov/MARC21/slim http://www.loc.gov/standards/marcxml/schema/MARC21slim.xsd"
    xmlns="http://www.loc.gov/MARC21/slim">

  <leader>00376nam a22001457a 4500</leader>
  <datafield tag="999" ind1=" " ind2=" ">
    <subfield code="c">8982</subfield>
    <subfield code="d">8982</subfield>
  </datafield>
  <controlfield tag="003">OSt</controlfield>
  <controlfield tag="008">200714b           ||||| |||| 00| 0 eng d</controlfield>
  <datafield tag="100" ind1=" " ind2=" ">
    <subfield code="a">Srivastava , B.B.L</subfield>
  </datafield>
  <datafield tag="245" ind1=" " ind2=" ">
    <subfield code="a">Fundamental of Analytical Chemistry</subfield>
  </datafield>
  <datafield tag="250" ind1=" " ind2=" ">
    <subfield code="a">2019</subfield>
  </datafield>
  <datafield tag="260" ind1=" " ind2=" ">
    <subfield code="a">New Delhi</subfield>
    <subfield code="b">IP Innovative</subfield>
  </datafield>
  <datafield tag="300" ind1=" " ind2=" ">
    <subfield code="a">91</subfield>
  </datafield>
  <datafield tag="650" ind1=" " ind2=" ">
    <subfield code="a">Pharmaceutical Analysis and Quality Assurance</subfield>
  </datafield>
  <datafield tag="942" ind1=" " ind2=" ">
    <subfield code="2">ddc</subfield>
    <subfield code="c">BK</subfield>
  </datafield>
  <datafield tag="952" ind1=" " ind2=" ">
    <subfield code="0">0</subfield>
    <subfield code="1">0</subfield>
    <subfield code="2">ddc</subfield>
    <subfield code="4">0</subfield>
    <subfield code="7">0</subfield>
    <subfield code="8">BP</subfield>
    <subfield code="a">PIET</subfield>
    <subfield code="b">PIET</subfield>
    <subfield code="d">2020-02-17</subfield>
    <subfield code="e">Kirti Prakashan</subfield>
    <subfield code="f">Rupees</subfield>
    <subfield code="g">250.00</subfield>
    <subfield code="k">IN6450</subfield>
    <subfield code="l">0</subfield>
    <subfield code="o">543 SRF</subfield>
    <subfield code="p">BP1458</subfield>
    <subfield code="r">2020-07-14 00:00:00</subfield>
    <subfield code="v">175.00</subfield>
    <subfield code="w">2020-02-17</subfield>
    <subfield code="y">REF</subfield>
  </datafield>
  <datafield tag="952" ind1=" " ind2=" ">
    <subfield code="0">0</subfield>
    <subfield code="1">0</subfield>
    <subfield code="2">ddc</subfield>
    <subfield code="4">0</subfield>
    <subfield code="7">0</subfield>
    <subfield code="8">BP</subfield>
    <subfield code="a">PIET</subfield>
    <subfield code="b">PIET</subfield>
    <subfield code="d">2025-04-04</subfield>
    <subfield code="e">Zafaa Books Distributres</subfield>
    <subfield code="f">Rs</subfield>
    <subfield code="g">250.00</subfield>
    <subfield code="k">ZBDO006</subfield>
    <subfield code="l">0</subfield>
    <subfield code="o">543 SRF</subfield>
    <subfield code="p">BP2704</subfield>
    <subfield code="r">2025-04-10 00:00:00</subfield>
    <subfield code="v">187.50</subfield>
    <subfield code="w">2025-04-04</subfield>
    <subfield code="y">BK</subfield>
  </datafield>
  <datafield tag="952" ind1=" " ind2=" ">
    <subfield code="0">0</subfield>
    <subfield code="1">0</subfield>
    <subfield code="2">ddc</subfield>
    <subfield code="4">0</subfield>
    <subfield code="7">0</subfield>
    <subfield code="8">BP</subfield>
    <subfield code="a">PIET</subfield>
    <subfield code="b">PIET</subfield>
    <subfield code="d">2025-04-04</subfield>
    <subfield code="e">Zafaa Books Distributres</subfield>
    <subfield code="f">Rs</subfield>
    <subfield code="g">250.00</subfield>
    <subfield code="k">ZBDO006</subfield>
    <subfield code="l">0</subfield>
    <subfield code="o">543 SRF</subfield>
    <subfield code="p">BP2705</subfield>
    <subfield code="r">2025-04-10 00:00:00</subfield>
    <subfield code="v">187.50</subfield>
    <subfield code="w">2025-04-04</subfield>
    <subfield code="y">BK</subfield>
  </datafield>
  <datafield tag="952" ind1=" " ind2=" ">
    <subfield code="0">0</subfield>
    <subfield code="1">0</subfield>
    <subfield code="2">ddc</subfield>
    <subfield code="4">0</subfield>
    <subfield code="7">0</subfield>
    <subfield code="8">BP</subfield>
    <subfield code="a">PIET</subfield>
    <subfield code="b">PIET</subfield>
    <subfield code="d">2025-04-04</subfield>
    <subfield code="e">Zafaa Books Distributres</subfield>
    <subfield code="f">Rs</subfield>
    <subfield code="g">250.00</subfield>
    <subfield code="k">ZBDO006</subfield>
    <subfield code="l">0</subfield>
    <subfield code="o">543 SRF</subfield>
    <subfield code="p">BP2706</subfield>
    <subfield code="r">2025-04-10 00:00:00</subfield>
    <subfield code="v">187.50</subfield>
    <subfield code="w">2025-04-04</subfield>
    <subfield code="y">BK</subfield>
  </datafield>
</record>
